Prácticas de educación ambiental para la enseñanza secundaria : la basura.

שמור ב:
מידע ביבליוגרפי
מחבר תאגידי: México. Presidencia de la República Secretaría de Desarrollo Urbano y Ecología
פורמט: ספר
שפה:ספרדית
סדרה:(Educación ; no. 7)
נושאים:
תגים: הוספת תג
אין תגיות, היה/י הראשונ/ה לתייג את הרשומה!

MARC

LEADER 00000cam^a2200000uu^4500
001 000474635
005 20250521000000.0
008 050901s1990^^^^^^^^^^^^rd^r^^000^0^spa^d
009 20260310124744.106
022 |a 96883809191 
035 |a FCE 000017496 
035 |a FCE 017874 
037 |a Acervo ITESO - Biblioteca 
041 |a spa 
082 0 4 |a 372.1  |b SEDUE 5 
110 |a México. Presidencia de la República  |b Secretaría de Desarrollo Urbano y Ecología 
245 1 0 |a Prácticas de educación ambiental para la enseñanza secundaria :  |b la basura. 
264 |a México :  |b SEDUE,  |c 1990. 
300 |a 104 p. 
336 |a texto  |b txt  |2 rdacontenido 
337 |a sin mediación  |b n  |2 rdamedio 
338 |a volumen  |b nc  |2 rdasoporte 
440 0 |a (Educación ;  |v no. 7) 
649 |a XX 
650 |a Enseñanza-aprendizaje 
650 |a Educación ambiental 
650 |a Educación ecológica 
650 |a Contaminación 
650 |a Práctica de trabajo 
650 |a Educación secundaria 
910 |a Fondo Centro de Estudios Educativos 
920 |a Impresos - Libros 
930 |a Fondos Especiales 
905 |a 133 
901 |a ALE017874  |b IT2  |c CEE  |u 20250521 
901 |a ALE042169  |b IT2  |c CEE  |u 20250521 
902 |a https://opac.biblio.iteso.mx/vufind/Record/000474635